Säugetiere nach Bildern #2 - Statistiken

Allgemein
  • Dieses Quiz wurde 15.294 mal gespielt
    14.982 seit der letzten Aktualisierung
  • Das Durchschnittsergebnis liegt bei 14 aus 18
Antwortstatistiken
Bildquiz Antwort % Korrekt
Großer Panda
99%
Ziege
98%
Buckelwal
97%
Reh
96%
Nashorn
95%
Amerikanischer Bison
93%
Löwe
93%
Waschbär
93%
Hyäne
91%
Känguru
89%
Otter
89%
Stinktier
86%
Gorilla
84%
Seelöwe
59%
Warzenschwein
59%
Opossum
50%
Wombat
39%
Ozelot
26%
Keine übereinstimmenden Quizze gefunden
Verteilung der Resultate
Anzahl Personen mit jedem Resultat
Perzentil nach korrekt beantworteten Fragen
Ihre Resultats-Entwicklung
Sie haben dieses Quiz seit der letzten Aktualisierung nicht gespielt